[Event "NOR-chT Clubs"]
[Site "Drammen"]
[Date "2022.05.26"]
[Round "3"]
[White "Edvardsen, Ragnar"]
[Black "Bjorno, Ole Kristian"]
[Result "1-0"]
[WhiteElo "1889"]
[BlackElo "1800"]
[PlyCount "85"]
[EventDate "2022.05.26"]
[EventType "team-swiss"]
[EventRounds "6"]
[EventCountry "NOR"]
[SourceTitle "EXT 2024"]
[Source "ChessBase"]
[SourceDate "2023.10.10"]
[SourceVersion "1"]
[SourceVersionDate "2023.10.10"]
[SourceQuality "1"]
[WhiteTeam "Drammen"]
[BlackTeam "Eiker"]
[WhiteTeamCountry "NOR"]
[BlackTeamCountry "NOR"]

1. e4 c5 2. Nf3 d6 3. d4 cxd4 4. Nxd4 Nf6 5. Nc3 g6 6. Be3 Bg7 7. f3 0-0 8. Qd2 Nc6 9. Bc4 Bd7 10. 0-0-0 Ne5 11. Bb3 Rc8 12. Bh6 Nc4 13. Bxc4 Rxc4 14. Bxg7 Kxg7 15. g4 Qa5 16. Kb1 Rfc8 17. Nb3 Qe5 18. h4 b5 19. f4 Qe6 20. Nd4 Qxg4 21. Rdg1 Rxd4 22. Qxd4 Qxf4 23. h5 a5 24. hxg6 hxg6 25. Nd5 Qxe4 26. Rh7+ Kxh7 27. Nxf6+ exf6 28. Qxe4 Kg7 29. Qd4 Bf5 30. Rg2 Re8 31. b3 Re6 32. Qf4 Be4 33. Rd2 d5 34. Rh2 g5 35. Qb8 Kg6 36. Qg8+ Kf5 37. Qxf7 a4 38. Kb2 axb3 39. axb3 Ke5 40. Qc7+ Kf5 41. Rf2+ Kg6 42. Qd7 Re5 43. Rh2 1-0